| 000 | 01209pam a2200349 a 4500 | ||
|---|---|---|---|
| 001 | 969992 | ||
| 003 | OSt | ||
| 005 | 20230926142019.0 | ||
| 008 | 850626s1986 njua b 001 0 eng | ||
| 010 | _a 85014365 | ||
| 020 | _a9789332550490 | ||
| 040 |
_aDLC _cDLC _dDLC |
||
| 050 | 0 | 0 |
_aQA164 _b.M68 1986 |
| 082 | 0 | 0 |
_a511.6 _bMOT/D |
| 100 | 1 |
_aMott, Joe L. _99614 |
|
| 245 | 1 | 0 |
_aDiscrete mathematics for computer scientists and mathematicians / _cJoe L. Mott, Abraham Kandel, Theodore P. Baker. |
| 250 | _a2nd ed. | ||
| 260 |
_aEnglewood Cliffs, N.J. : _bPrentice-Hall, _cc1986. |
||
| 300 |
_axiv, 751 p. : _bill. ; _c25 cm. |
||
| 500 | _aRev. ed. of: Discrete mathematics for computer scientists. c1983. | ||
| 500 | _a"A Reston book." | ||
| 500 | _aIncludes index. | ||
| 504 | _aBibliography: p. 735-737. | ||
| 650 | 0 | _aCombinatorial analysis. | |
| 650 | 0 | _aGraph theory. | |
| 650 | 0 |
_aMathematics _xData processing. |
|
| 700 | 1 | _aKandel, Abraham. | |
| 700 | 1 | _aBaker, Theodore P. | |
| 700 | 1 |
_aMott, Joe L. _tDiscrete mathematics for computer scientists. |
|
| 906 |
_a7 _bcbc _corignew _d1 _eocip _f19 _gy-gencatlg |
||
| 942 |
_2ddc _cBK _h511.6 _iMOT/D _k511.6 _mMOT/D |
||
| 999 |
_c42425 _d42425 |
||